Scientific and technical writing / (Record no. 1833)
[ view plain ]
| 000 -LEADER | |
|---|---|
| fixed length control field | 00715pam a2200205 a 4500 |
| 008 - FIXED-LENGTH DATA ELEMENTS--GENERAL INFORMATION | |
| fixed length control field | 840815s1985 nyua 001 0 eng |
| 020 ## - INTERNATIONAL STANDARD BOOK NUMBER | |
| ISBN | 0030410568 (pbk.) |
| 100 1# - MAIN ENTRY--AUTHOR | |
| Author | Sandman, Peter M. |
| 245 10 - TITLE STATEMENT | |
| Title | Scientific and technical writing / |
| Statement of responsibility, etc | Peter M. Sandman, Carl S. Klompus, Betsy Greenleaf Yarrison. |
| 260 ## - PUBLICATION, DISTRIBUTION, ETC. (IMPRINT) | |
| Place of publication | New York : |
| Name of publisher | Holt, Rinehart, and Winston, |
| Date of publication | c1985. |
| 300 ## - COLLATION | |
| Pagination | x, 451 p. : |
| Other physical details | ill. ; |
| 500 ## - GENERAL NOTE | |
| General note | Includes index. |
| 650 #0 - TRACINGS | |
| Main Subject | English language |
| Subdivision (2nd) | Technical English |
| Subdivision (1st) | Problems, exercises, etc. |
| 650 #0 - TRACINGS | |
| Main Subject | Technical writing |
| Subdivision (1st) | Problems, exercises, etc. |
| 700 1# - ADDITIONAL AUTHOR | |
| Additional Author | Klompus, Carl S. |
| 700 1# - ADDITIONAL AUTHOR | |
| Additional Author | Yarrison, Betsy Greenleaf. |
| 942 ## - ADDED ENTRY ELEMENTS (KOHA) | |
| Item type | Books |
| 050 00 - LIBRARY OF CONGRESS CALL NUMBER | |
| Classification number | PE1475 |
| Item number | .S26 1985 |
| 082 00 - DEWEY DECIMAL CLASSIFICATION NUMBER | |
| Classification number | 808/.0666 |
| Source of classification or shelving scheme | Not for loan | Permanent location | Current location | Date acquired | Accession No. | Full call number | Barcode. | Koha item type |
|---|---|---|---|---|---|---|---|---|
| Library of Congress Classification | Samuel Ogbemudia Main Library, University of Abuja | Samuel Ogbemudia Main Library, University of Abuja | 12/17/2024 | 2006/30885 | PE1475 .S26 1985 | 2024-2823 | Books |